<?xml version="1.0" encoding="UTF-8"?>
<record
    xmlns:xsi="http://www.w3.org/2001/XMLSchema-instance"
    xsi:schemaLocation="http://www.loc.gov/MARC21/slim http://www.loc.gov/standards/marcxml/schema/MARC21slim.xsd"
    xmlns="http://www.loc.gov/MARC21/slim">

  <leader>03410njm a2200553Ia 4500</leader>
  <controlfield tag="001">24663</controlfield>
  <controlfield tag="003">IT-RoPAU</controlfield>
  <controlfield tag="005">20220918181118.0</controlfield>
  <controlfield tag="008">131025s9999    xx            000 0 und d</controlfield>
  <datafield tag="040" ind1=" " ind2=" ">
    <subfield code="a">IT-RoPAU</subfield>
  </datafield>
  <datafield tag="040" ind1=" " ind2=" ">
    <subfield code="c">IT-RoPAU</subfield>
  </datafield>
  <datafield tag="041" ind1=" " ind2=" ">
    <subfield code="a">ITALIANO</subfield>
  </datafield>
  <datafield tag="999" ind1=" " ind2=" ">
    <subfield code="c">99582</subfield>
    <subfield code="d">99582</subfield>
  </datafield>
  <datafield tag="999" ind1=" " ind2=" ">
    <subfield code="b">n.d.</subfield>
  </datafield>
  <datafield tag="100" ind1=" " ind2=" ">
    <subfield code="a">AA.VV.</subfield>
    <subfield code="9">794</subfield>
  </datafield>
  <datafield tag="100" ind1=" " ind2=" ">
    <subfield code="e">Autore musica</subfield>
    <subfield code="9">11462</subfield>
  </datafield>
  <datafield tag="100" ind1=" " ind2=" ">
    <subfield code="g">Codice autore musica SPICS: 12000</subfield>
    <subfield code="9">796</subfield>
  </datafield>
  <datafield tag="245" ind1=" " ind2=" ">
    <subfield code="a">Grandi successi (I)-Gino Latilla</subfield>
  </datafield>
  <datafield tag="250" ind1=" " ind2=" ">
    <subfield code="a">1a ed.</subfield>
  </datafield>
  <datafield tag="260" ind1=" " ind2=" ">
    <subfield code="a">ITALIA</subfield>
  </datafield>
  <datafield tag="260" ind1=" " ind2=" ">
    <subfield code="b">POLYDOR</subfield>
    <subfield code="c">1980 [1a Ed.:1980]</subfield>
  </datafield>
  <datafield tag="300" ind1=" " ind2=" ">
    <subfield code="a">DISCO</subfield>
  </datafield>
  <datafield tag="300" ind1=" " ind2=" ">
    <subfield code="c">35 minuti (Testo:  pag.)</subfield>
  </datafield>
  <datafield tag="500" ind1=" " ind2=" ">
    <subfield code="a">Canzone italiana. Musica leggera.</subfield>
  </datafield>
  <datafield tag="505" ind1=" " ind2=" ">
    <subfield code="a">Tutte le mamme (4:00) - Tchumbala Bey (4:00) - L'amore &#xE8; una cosa meravigliosa (4:00) - Timberjack (3:00) - O.K. Corral - I cavalieri del cielo (3:00) - Simpatica (3:00) - Oh Lola (3:00) - Quel treno per Yuma (3:00) - Tequila (3:00) - Tab&#xF9; (3:00) - Shanghay Lil (3:00)</subfield>
  </datafield>
  <datafield tag="650" ind1=" " ind2=" ">
    <subfield code="a">CANZONE ITALIAN [DISCHI]</subfield>
    <subfield code="e">Codice MATERIA SPICS: 9950</subfield>
    <subfield code="9">11463</subfield>
  </datafield>
  <datafield tag="700" ind1=" " ind2=" ">
    <subfield code="a">Latilla Gino</subfield>
    <subfield code="g">Codice interprete SPICS: 9666</subfield>
    <subfield code="e">Interprete</subfield>
    <subfield code="9">11464</subfield>
  </datafield>
  <datafield tag="700" ind1=" " ind2=" ">
    <subfield code="a">Falcocchio Edoardo</subfield>
    <subfield code="g">Codice autore musica SPICS: 13560</subfield>
    <subfield code="e">Autore musica</subfield>
    <subfield code="p">Tutte le mamme</subfield>
    <subfield code="9">11465</subfield>
  </datafield>
  <datafield tag="700" ind1=" " ind2=" ">
    <subfield code="a">Bertini Umberto</subfield>
    <subfield code="g">Codice autore testo/musica SPICS: 13511</subfield>
    <subfield code="e">Autore testo/musica</subfield>
    <subfield code="p">Tutte le mamme</subfield>
    <subfield code="9">11466</subfield>
  </datafield>
  <datafield tag="700" ind1=" " ind2=" ">
    <subfield code="a">Chiosso Leo</subfield>
    <subfield code="g">Codice autore musica SPICS: 13606</subfield>
    <subfield code="e">Autore musica</subfield>
    <subfield code="p">Tchumbala Bey</subfield>
    <subfield code="9">11467</subfield>
  </datafield>
  <datafield tag="700" ind1=" " ind2=" ">
    <subfield code="a">Buscaglione Fred</subfield>
    <subfield code="g">Codice autore testo/musica SPICS: 1133</subfield>
    <subfield code="e">Autore testo/musica</subfield>
    <subfield code="p">Tchumbala Bey</subfield>
    <subfield code="9">11468</subfield>
  </datafield>
  <datafield tag="700" ind1=" " ind2=" ">
    <subfield code="a">Fain Sammy</subfield>
    <subfield code="g">Codice autore musica SPICS: 14147</subfield>
    <subfield code="e">Autore musica</subfield>
    <subfield code="p">L'amore &#xE8; una cosa meravigliosa</subfield>
    <subfield code="9">11469</subfield>
  </datafield>
  <datafield tag="700" ind1=" " ind2=" ">
    <subfield code="a">Devilli (Curci Alberto)</subfield>
    <subfield code="g">Codice autore testo/musica SPICS: 13392</subfield>
    <subfield code="e">Autore testo/musica</subfield>
    <subfield code="p">L'amore &#xE8; una cosa meravigliosa</subfield>
    <subfield code="9">11470</subfield>
  </datafield>
  <datafield tag="700" ind1=" " ind2=" ">
    <subfield code="a">Washington Grover</subfield>
    <subfield code="g">Codice autore musica SPICS: 11616</subfield>
    <subfield code="e">Autore musica</subfield>
    <subfield code="p">Timberjack - O.K. Corral</subfield>
    <subfield code="9">11471</subfield>
  </datafield>
  <datafield tag="700" ind1=" " ind2=" ">
    <subfield code="a">Young</subfield>
    <subfield code="g">Codice autore SPICS: 20457</subfield>
    <subfield code="e">Autore</subfield>
    <subfield code="p">Timberjack</subfield>
    <subfield code="9">11472</subfield>
  </datafield>
  <datafield tag="700" ind1=" " ind2=" ">
    <subfield code="a">Ardo</subfield>
    <subfield code="g">Codice autore testo/musica SPICS: 14156</subfield>
    <subfield code="e">Autore testo/musica</subfield>
    <subfield code="p">Timberjack</subfield>
    <subfield code="9">11473</subfield>
  </datafield>
  <datafield tag="700" ind1=" " ind2=" ">
    <subfield code="a">Tiomkin Dimitri</subfield>
    <subfield code="g">Codice autore testo/musica SPICS: 11173</subfield>
    <subfield code="e">Autore testo/musica</subfield>
    <subfield code="p">O.K. Corral</subfield>
    <subfield code="9">11474</subfield>
  </datafield>
  <datafield tag="700" ind1=" " ind2=" ">
    <subfield code="a">Jones Stan</subfield>
    <subfield code="g">Codice autore testo/musica SPICS: 14108</subfield>
    <subfield code="e">Autore testo/musica</subfield>
    <subfield code="p">l cavalieri del cielo</subfield>
    <subfield code="9">11475</subfield>
  </datafield>
  <datafield tag="700" ind1=" " ind2=" ">
    <subfield code="a">Kramer Gorni</subfield>
    <subfield code="g">Codice autore musica SPICS: 11552</subfield>
    <subfield code="e">Autore musica</subfield>
    <subfield code="p">Simpatica - Oh Lola</subfield>
    <subfield code="9">11476</subfield>
  </datafield>
  <datafield tag="700" ind1=" " ind2=" ">
    <subfield code="a">Garinei Pietro</subfield>
    <subfield code="g">Codice autore SPICS: 13576</subfield>
    <subfield code="e">Autore</subfield>
    <subfield code="p">Simpatica - Oh Lola</subfield>
    <subfield code="9">11477</subfield>
  </datafield>
  <datafield tag="700" ind1=" " ind2=" ">
    <subfield code="a">Giovannini Sandro</subfield>
    <subfield code="g">Codice autore testo/musica SPICS: 13634</subfield>
    <subfield code="e">Autore testo/musica</subfield>
    <subfield code="p">Simpatica - Oh Lola</subfield>
    <subfield code="9">11478</subfield>
  </datafield>
  <datafield tag="700" ind1=" " ind2=" ">
    <subfield code="a">Calibi</subfield>
    <subfield code="g">Codice autore musica SPICS: 14071</subfield>
    <subfield code="e">Autore musica</subfield>
    <subfield code="p">Quel treno per Yuma</subfield>
    <subfield code="9">11479</subfield>
  </datafield>
  <datafield tag="700" ind1=" " ind2=" ">
    <subfield code="a">Duning George W.</subfield>
    <subfield code="g">Codice autore testo/musica SPICS: 14096</subfield>
    <subfield code="e">Autore testo/musica</subfield>
    <subfield code="p">Quel treno per Yuma</subfield>
    <subfield code="9">11480</subfield>
  </datafield>
  <datafield tag="700" ind1=" " ind2=" ">
    <subfield code="a">Rio Chuck</subfield>
    <subfield code="g">Codice autore musica SPICS: 15714</subfield>
    <subfield code="e">Autore musica</subfield>
    <subfield code="p">Tequila</subfield>
    <subfield code="9">11481</subfield>
  </datafield>
  <datafield tag="700" ind1=" " ind2=" ">
    <subfield code="a">Locatelli</subfield>
    <subfield code="g">Codice autore testo/musica SPICS: 14065</subfield>
    <subfield code="e">Autore musica</subfield>
    <subfield code="p">Tequila</subfield>
    <subfield code="9">11482</subfield>
  </datafield>
  <datafield tag="700" ind1=" " ind2=" ">
    <subfield code="a">Lecuona M.</subfield>
    <subfield code="g">Codice autore testo/musica SPICS: 14010</subfield>
    <subfield code="e">Autore testo/musica</subfield>
    <subfield code="p">Tab&#xF9;</subfield>
    <subfield code="9">11483</subfield>
  </datafield>
  <datafield tag="700" ind1=" " ind2=" ">
    <subfield code="a">Warren Harry</subfield>
    <subfield code="g">Codice autore musica SPICS: 13604</subfield>
    <subfield code="e">Autore musica</subfield>
    <subfield code="p">Shanghay Lil</subfield>
    <subfield code="9">11484</subfield>
  </datafield>
  <datafield tag="700" ind1=" " ind2=" ">
    <subfield code="a">Zorro (Giannini Guglielmo)</subfield>
    <subfield code="g">Codice autore testo/musica SPICS: 13561</subfield>
    <subfield code="e">Autore testo/musica</subfield>
    <subfield code="p">Shanghay Lil</subfield>
    <subfield code="9">11485</subfield>
  </datafield>
  <datafield tag="942" ind1=" " ind2=" ">
    <subfield code="c">MD</subfield>
    <subfield code="2">ddc</subfield>
  </datafield>
  <datafield tag="952" ind1=" " ind2=" ">
    <subfield code="0">0</subfield>
    <subfield code="1">0</subfield>
    <subfield code="4">0</subfield>
    <subfield code="6">24663_000000000000000</subfield>
    <subfield code="7">1</subfield>
    <subfield code="a">SPICS</subfield>
    <subfield code="b">SPICS</subfield>
    <subfield code="d">2013-10-25</subfield>
    <subfield code="l">0</subfield>
    <subfield code="o">24663</subfield>
    <subfield code="r">2013-10-25 00:00:00</subfield>
    <subfield code="w">2013-10-25</subfield>
    <subfield code="y">MD</subfield>
    <subfield code="z">Progr. Ins.: 5358 / N.Vol.: 1 / Copie: 1 - Copia rara: n.d. / date import: 01.01.2014 - By Epidotti, Trombetti, Vaglietti</subfield>
  </datafield>
</record>
